| 000 | 00949cam a22002774a 4500 | ||
|---|---|---|---|
| 001 | 203310 | ||
| 003 | OSt | ||
| 005 | 20170227150205.0 | ||
| 008 | 990426s1999 inua 001 0 eng | ||
| 010 | _a 99063011 | ||
| 020 | _a0789721325 | ||
| 040 |
_aDLC _cDLC _dDLC |
||
| 042 | _apcc | ||
| 050 | 0 | 0 |
_aTK5105.875.I57 _bG72423 1999 |
| 082 | 0 | 0 |
_a004.67/8 _221 |
| 100 | 1 | _aGralla, Preston. | |
| 245 | 1 | 0 |
_aHow the Internet works / _cPreston Gralla ; [illustrated by Sarah Ishida, Mina Reimer & Stephen Adams]. |
| 250 | _aMillenium ed. | ||
| 260 |
_aIndianapolis, IN : _bQue, _cc1999. |
||
| 300 |
_a324 p. : _bcol. ill. ; _c26 cm. |
||
| 500 | _aIncludes index. | ||
| 650 | 0 |
_aInternet _vPopular works. |
|
| 906 |
_a7 _bcbc _corignew _d2 _eopcn _f19 _gy-gencatlg |
||
| 942 |
_2lcc _cBK |
||
| 999 |
_c255820 _d255819 |
||